Lorna Doone (Record no. 6997)
[ view plain ]
| 000 -CABECERA | |
|---|---|
| campo de control de longitud fija | 00779nam a2200241 a 4500 |
| 001 - NÚMERO DE CONTROL | |
| campo de control | BRCA_7321 |
| 005 - FECHA Y HORA DE LA ÚLTIMA TRANSACCIÓN | |
| campo de control | 20190320205807.0 |
| 008 - DATOS DE LONGITUD FIJA--INFORMACIÓN GENERAL | |
| campo de control de longitud fija | 110712s1900----enka######---#000-0#eng-# |
| 041 ## - CÓDIGO DE LENGUA | |
| Código de lengua del texto/banda sonora o título independiente | eng |
| 044 ## - CÓDIGO DEL PAÍS DE LA ENTIDAD EDITORA/PRODUCTORA | |
| Código MARC del país | enk |
| 050 #4 - SIGNATURA TOPOGRÁFICA DE LA BIBLIOTECA DEL CONGRESO | |
| Número de clasificación | PZ3 |
| Número de documento/Ítem | .B53 1900 |
| 100 1# - ENTRADA PRINCIPAL--NOMBRE DE PERSONA | |
| Nombre de persona | Blackmore, R. D. |
| Fechas asociadas al nombre | 1825-1900 |
| Forma completa/desarrollada del nombre | (Richard Doddridge) |
| 9 (RLIN) | 16644 |
| 245 10 - MENCIÓN DE TÍTULO | |
| Título | Lorna Doone |
| Resto del título | a romance of Exmoor |
| Mención de responsabilidad, etc. | R. D. Blackmore ; illustrated by Wilmot Lunt. |
| 260 ## - PUBLICACIÓN, DISTRIBUCIÓN, ETC. | |
| Lugar de publicación, distribución, etc. | Londres y Glasgow |
| Nombre del editor, distribuidor, etc. | Collin´s Clear-Type Press |
| Fecha de publicación, distribución, etc. | [1900] |
| 300 ## - DESCRIPCIÓN FÍSICA | |
| Extensión | 640 p. |
| Otras características físicas | il., 15 láminas |
| Dimensiones | 16 cm. |
| 500 ## - NOTA GENERAL | |
| Nota general | Edición con canto de cabeza dorado |
| 500 ## - NOTA GENERAL | |
| Nota general | N14 |
| 650 14 - PUNTO DE ACCESO ADICIONAL DE MATERIA--TÉRMINO DE MATERIA | |
| Término de materia o nombre geográfico como elemento de entrada | Rebelión de Monmouth |
| Subdivisión general | Ficción |
| 9 (RLIN) | 18105 |
| 651 #4 - PUNTO DE ACCESO ADICIONAL DE MATERIA--NOMBRE GEOGRÁFICO | |
| Nombre geográfico | Exmoor (Inglaterra) |
| Subdivisión general | Ficción |
| 9 (RLIN) | 18106 |
| 700 1# - PUNTO DE ACCESO ADICIONAL--NOMBRE DE PERSONA | |
| Nombre de persona | Lunt, Wilmot |
| Término indicativo de función/relación | il. |
| 9 (RLIN) | 18107 |
| 902 ## - CATALOGADOR | |
| Iniciales | GFM |
| 942 ## - ELEMENTOS DE PUNTO DE ACCESO ADICIONAL (KOHA) | |
| Fuente del sistema de clasificación o colocación | Library of Congress Classification |
| Tipo de ítem Koha | Libros |
| Estado de retiro | Estado de pérdida | Estado dañado | No para préstamo | Localización permanente | Ubicación/localización actual | Fecha de adquisición | Número de inventario | Total de préstamos | Signatura topográfica completa | Código de barras | Fecha visto por última vez | Precio válido a partir de | Tipo de ítem Koha |
|---|---|---|---|---|---|---|---|---|---|---|---|---|---|
| El ejemplar forma parte de la colección y puede ser consultado según las políticas vigentes. | Biblioteca del Museo Franz Mayer (Rogerio Casas-Alatriste) | Biblioteca del Museo Franz Mayer (Rogerio Casas-Alatriste) | 11/07/2012 | N14 | PZ3 .B53 1900 (N14) | 7904 | 22/03/2019 | 22/03/2019 | Libros |